| 000 | 00679nam a22001937a 4500 | ||
|---|---|---|---|
| 003 | SEM | ||
| 005 | 20260331133430.0 | ||
| 008 | 260331s2015 ai ||||gr||||||01|0|arm|d | ||
| 040 |
_aSEM _cSEM |
||
| 041 | _aarm | ||
| 080 | _a891.981-1/Ս-88 | ||
| 100 | _aՍտեփանյան, Լարիսա Ռոզա | ||
| 245 |
_aՈւշացած զարթոնք ։ _b(Բանաստեղծություններ և քառատողեր) / _cԼարիսա Ռոզա Ստեփանյան |
||
| 260 |
_aԵրևան ։ _bԱ․ հ․, _c2015․ |
||
| 300 |
_a161 էջ ; _bնկ․ ; _c17 սմ |
||
| 650 |
_aՀայ գրականություն _xբանաստեղծություն |
||
| 653 | _aՍԷՄ | ||
| 942 |
_2udc _cBK _n0 |
||
| 999 |
_c77220 _d77220 |
||